000 00786nam a22002537a 4500
001 43517
003 UA-OsUOA
005 20220717135737.0
007 ta
008 20061226b un ||||| |||| 00| 0 ukr d
040 _aUA-OsUOA
_brus
_cUA-OsUOA
_dUA-OsUOA
041 _arus
080 _a821.111
090 _a821.111
_bГ61
100 _aГолсуорси Дж.
245 _aСобрание сочинений
_bрассказы, очерки, статьи, речи
260 _aМ.
_bХудожественная литература
_c1987
300 _a366 с.
505 _gт. 8
650 7 _a82 Література. Літературознавство
_2UDC
942 _cBK
_2udc
955 _a3
999 _c329647
_d329647